Statistics for The Definitive Attack on Titan Characters Quiz

Click here to take the quiz!

General Stats

  • This quiz has been taken 1,020 times
    (693 since last reset)
  • The average score is 43 of 147

Answer Stats

HintCharacter% Correct
Main Protagonist's childhood friend; user of the 'Colossal Titan'Armin Arlert
99%
Main Protagonist; 5th best in the 104th Training Corps; user of the 'Attack Titan', 'Founding Titan' and 'Warhammer Titan'; causes the RumblingEren Jaeger
99%
Main Protagonist's adoptive sister; best in the 104th Training CorpsMikasa Ackerman
99%
Main Protagonist's father; member of the Eldia Restorationist GroupGrisha Jaeger
90%
Considered humanity's strongest soldier; Squad Captain of the Special Operations SquadLevi Ackerman
90%
4th best in the 104th Training Corps; user of the 'Female Titan'Annie Leonhart
88%
2nd best in the 104th Training Corps; user of the 'Armored Titan'Reiner Braun
88%
9th best in the 104th Training Corps; hails from Dauper VillageSasha Braus
86%
8th best in the 104th Training Corps; hails from Ragako VillageConnie Springer
84%
13th Commander of the Survey CorpsErwin Smith
84%
10th best in the 104th Training Corps; takes on the persona of 'Krista Lenz'; Queen of the WallsHistoria Reiss
84%
Worshipped by Eldian cult; previous user of the 'Jaw Titan'; has feelings for the aboveYmir
84%
7th best in the 104th Training Corps; indirectly killed by the above threeMarco Bott
83%
6th best in the 104th Training Corps; hails from Trost DistrictJean Kirschtein
82%
14th Commander of the Survey Corps; Titan ResearcherHange Zoë
81%
3rd best in the 104th Training Corps; previous user of the 'Colossal Titan'Bertholdt Hoover
80%
Main Protagonist's motherCarla Jaeger
78%
Garrison Captain; saves Main Protagonist and their sister from the 'Smiling Titan'Hannes
69%
Beast Titan user; Warchief of the Eldian warriors serving the Marley government; Main Protagonist's half-brother; wishes to euthanise the EldiansZeke Jaeger
69%
Eldian warrior working for the Marley government; a valued candidate to inherit the Armored Titan power; blows up train tracks to derail armored trainsGabi Braun
66%
Garrison Commander; highest ranking administrator of the southern region; later becomes a pure titan after drinking wine tainted with spinal fluidDot Pixis
62%
Eldian warrior working for Marleyan government; in love with the above; user of the 'Jaw Titan'Falco Grice
61%
'Cowardly' recruit who joins the Survey Corps after the crowning of Historia Reiss; becomes leader of the JaegeristsFloch Forster
61%
Female Former Special Operations Squad member; greatly admires the abovePetra Ral
60%
Military Police Brigade's First Interior Squad member; leader of the Anti-Personnel Control Squad; best characterKenny Ackerman
57%
Eldian warrior serving the Marley government; user of the 'Cart Titan'Pieck Finger
56%
104th Cadet Corps' InstructorKeith Shadis
53%
Eldian warrior working for the Marley government; previous user of the 'Jaw Titan', brother of the abovePorco Galliard
53%
Considered humanity's second strongest soldier; Has outstanding sense of smell; killed by the 'Beast Titan'Mike Zacharius
50%
True king of humanity from 845 to 850; 'Krista Lenz's' fatherRod Reiss
45%
Leader of the Anti-Marleyan volunteers; idolises the aboveYelena
45%
Sent by Marley to attack the Eldians of Paradis in 845; was eaten by a mindless titanMarcel Galliard
43%
Blonde-haired Graduate of the 104th Training Corps; killed during the battle for Trost DistrictThomas Wagner
42%
7 meter Titan captured after the reconquest of Trost DistrictBean
40%
Female graduate of the 104th Training Corps; Military Police Brigade memberHitch Dreyse
40%
Daughter of the above; ate her motherMaria Fritz
40%
Younger sister of the above; ate her motherRose Fritz
39%
True queen of humanity from 842 to 845; 'Krista Lenz's' oldest half-sisterFrieda Reiss
38%
Younger sister of the above; ate her motherSina Fritz
38%
A candidate to inherit the Beast Titan power; has a younger brotherColt Grice
37%
Eldian spy posing as a Marleyan soldier; known to his comrades as 'The Owl'Eren Kruger
36%
Close friend of the above; graduate of the 104th Training Corps; Survey Corps Member; former Military Police Brigade memberMarlowe Freudenberg
36%
Head of the family in control of the 'Warhammer Titan', controls Marley from the shadowsWilly Tybur
36%
Descendant of the royal family; working member of the Eldia Restorationists; Main Protagonist's father's first wifeDina Fritz
35%
Progenitor of the titansYmir Fritz
35%
4 meter Titan captured after the reconquest of Trost DistrictSonny
34%
Married the above and used their power to expand Eldia into an empireFritz
33%
Titan Researcher's assisstant and messenger; Survey Corps fourth squad's Executive OfficerMoblit Berner
33%
Pastor of the Church of the WallsNick
33%
Member of the Anti-Marleyan volunteers; assists Survey Corps in their escape from the Raid on Liberio; later pilots the flying boat for the allied Warriors during the RumblingOnyankopon
33%
General of the Marleyan military forcesTheo Magath
33%
Former Special Operations Squad member; neck gets sliced by the user of the 'Female Titan'Gunther Schultz
32%
Female graduate of the 104th Training Corps; killed during the battle for Trost DistrictMina Carolina
32%
Eldian warrior working for the Marley government; a female candidate to inherit the Armored Titan power; killed after being crushed by debrisZofia
32%
Self-confident Former Special Operations Squad memberOluo Bozado
31%
Squad Leader of Krista Lenz's unit in the 57th Expedition; dies at Utgard CastleNanaba
29%
Hails from Snate Village; knocked unconscious by flying debris upon Colossal Titan's appearance in Trost; later joins the JaegeristsSamuel Linke-Jackson
29%
Commander of the Military Police Brigade; good friends with the 13th Commander of the Survey Corps; later becomes a pure titan after drinking wine tainted with spinal fluidNile Dok
28%
Garrison 1st Division Elite Force Team LeaderRico Brzenska
28%
Son of head of the family in control of the 'Warhammer Titan'Rico Tybur
28%
Eldian warrior working for the Marley government; a candidate to inherit the Armored Titan power; trampled to deathUdo
28%
Female companion of 'humanity's strongest soldier' prior to joining the Survey CorpsIsabel Magnolia
27%
145th king of Eldia; moved many Eldians to Paradis and used the Founding Titan's powers to make a vow renouncing warKarl Fritz
27%
Sister of the head of the family in control of the 'Warhammer Titan'; previous user of the 'Warhammer Titan'Lara Tybur
27%
Head of all three divisions of the Military; appears during the trials of the Main Protagonist and 13th Commander of the Survey CorpsDarius Zackly
26%
Recorded information on a talking titan in her notebook; bears a resemblance to the 'Jaw Titan's' userIlse Langnar
25%
True king of humanity for some time until the year 842; best friends with leader of the Anti-Personnel Control SquadUri Reiss
24%
Threatened to be executed after not wanting to plug the breach at Trost District; later joins the JaegeristsDaz
23%
Ginger-haired graduate of the 104th Training Corps; close friends with the aboveHannah Diamant
22%
Mother of 'Humanity's strongest soldier'; worked as a prostituteKuchel Ackerman
22%
Younger sister of Main Protagonist's father; fed to dogs by the aboveFaye Jaeger
21%
Female civilian living within Wall Rose; mother is eaten during the Wall Rose Invasion; years later meets 'Mia' and 'Ben' but finds out 'Mia' killed her saviourKaya
20%
Previous Beast Titan user; Titan researcher; acts like a father to current Beast Titan userTom Ksaver
20%
Male companion of 'humanity's strongest soldier' prior to joining the Survey CorpsFurlan Church
19%
Garrison member stationed in Trost District; led Trost's recapture missionIan Dietrich
19%
Female member of the Jaegerists; lived in Trost as a young girl during the Battle of Trost District; heavily inspired by the devotion of Main Protagonist's adoptive sisterLouise
19%
Member of Survey Corps; first to die in the animeMoses
19%
Survey Corps fourth squad member; shot in the face by leader of Anti-Personnel Control SquadNifa
19%
Son of the owner of Reeve Corporation; assists the Survey Corps in taking down the Military Police BrigadeFlegel Reeves
18%
Shaved, black-haired graduate of the 104th Training Corps; killed during the battle for Trost DistrictFranz Kefka
18%
Former member of the Eldia Restorationists; left to be fed to the titansGrice
18%
Boy with fez who lived in a refugee camp in Marley; stole from Survey Corps on their visit to Marley to provide for his family; killed during the RumblingRamzi
18%
Oversees a group of potentially untrustworthy Survey Corps members; has a pompadour; likes drinking alcoholGelgar
17%
Owner of Reeves Corporation; threatened to be killed after blocking Trost District's inner gateDimo Reeves
16%
Ambassador of Hizuru; ally to the Eldians on Paradis Island; wishes to protect Main Protagonist's adoptive sisterKiyomi Azumabito
16%
One of the Garrison's top three elite soldiers who fought in the battle to retake Trost; crushed by a titan after getting distracted by the loss of a comradeMitabi Jarnach
16%
'Krista Lenz's' mother; former servant of the aboveAlma
14%
Female escort of the aboveAnka Rheinberger
14%
Survey Corps recruit and former Garrison commander who joins the Raid on Liberio; killed while retreating to airshipLobov
14%
Member of the Marleyan Panzer Unit; shot in the head and killed while assisting the Cart Titan during the Raid on LiberioCarlo
13%
Military Police Brigade member; part of the First Interior Squad; tortured by Titan ResearcherDjel Sannes
12%
Second-in-Command of the Former Special Operations Squad memberEld Jinn
12%
Boy with fez who lived in a refugee camp in Marley; killed during the Rumbling; older brother of the aboveHalil
12%
Sister of 8th best in the 104th Training Corps; hails from Ragako VillageSunny Springer
12%
Older sister of the aboveAbel Reiss
11%
Hunter from Dauper Village whose daughter joins the Survey CorpsArtur Braus
11%
57th expedition participant who is almost eaten by a titan along with the above; is given his dead friend's Survey Corps badgeDieter
11%
Marleyan Sergeant Major; wished for the extermination of the EldiansGross
11%
Garrison 1st Division Elite Force CommanderKitz Weilman
11%
Oversees a group of potentially untrustworthy Survey Corps members; has long, messy hairLynne
11%
Brother of 8th best in the 104th Training Corps; hails from Ragako VillageMartin Springer
11%
Military Police Brigade member; defends the 'Female Titan's' user for being late to duty; argues with the above twoBoris Feulner
10%
'Krista Lenz's' youngest half-sisterFlorian Reiss
10%
Wife of the aboveLisa Braus
10%
Dark-brown-haired graduate of the 104th Training Corps; killed during the battle for Trost DistrictNack Tierce
10%
Previous general of the Marleyan military forcesCalvi
9%
Oversees a group of potentially untrustworthy Survey Corps members; struck by a projectile thrown by the 'Beast Titan'Henning
9%
Thin-bearded squad Leader during the mission to retake Wall MariaKlaus
9%
Brown-haired participant during the 57th Expedition Outside the Walls; killed directly before the above by the 'Female Titan'Luke Siss
9%
Daughter of head of the family in control of the 'Warhammer Titan'Fine Tybur
8%
Member of the Jaegerists; former Survery Corps soldier; leaks the news of Main Protagonist's detainment to the press along with leader of the JaegeristsHolger
8%
Ranking officer in the Survey Corps fourth squad under the command of the Titan Researcher; murdered by a member of the Military Police's First Interior SquadKeiji
8%
Female squad Leader during the mission to retake Wall MariaMarlene
8%
Member of the Jaegerists; killed by 14th Commander of the Survey CorpsOliver
8%
Member of the Survey Corps; brings news of Wall Rose's breach to Commander of the Survey CorpsTomas
8%
Anti-Personnel Control Squad second-in-command; very loyal to her leaderTraute Cavern
8%
Survey Corps soldier; drinks wine tainted with spinal fluid and subsequently killed as a titan by 'humanity's strongest soldier'Varis
8%
Rich noble seen playing chess during the battle at TrostWald
8%
'Krista Lenz's' youngest half-brotherDirk Reiss
7%
Black-haired recruit who joins the Survey Corps after the crowning of Historia ReissGordon
7%
Former Marleyan Navy soldier; part of survey fleet sent to Paradis; worked as a waiter in a restaurant inside the Walls; shot and killed by Leader of the Anti-Marleyan volunteersGriez
7%
Male Counterpart of the aboveGustav
7%
Garrison Soldier; friends with the aboveHugo
7%
Reckless soldier who disobeyed his superiors and put his brigade in danger to retrieve a bodyJurgen
7%
Marleyan Commander who fought in the war against the Mid-East Allied Forces; functions as adjutant of the aboveKoslow
7%
Assists Titan Researcher and his team mates in the first battle against the Colossal and Armored Titan by being in command of team 2Lauda
7%
Female ambassador from a foreign land; friend of head of the family in control of the 'Warhammer Titan'Nambia
7%
Garrison member; When soldiers were attacked by Titans, ordered by Garrison captain to lead their horses away from the TitansPhil
7%
Assists Titan Researcher and his team mates in the first battle against the Colossal and Armored Titan by being in command of teams 3 and 4Rashad
7%
Journalist and director of Stohess Berg Newspapers; obeys censoring nature of the Walls' monarchyRoy
7%
Female recruit who joins the Survey Corps after the crowning of Historia ReissSandra
7%
Member of the Jaegerists; former trainee of the 109th Training CorpsSurma
7%
'Krista Lenz's' oldest half-brotherUrklyn Reiss
7%
Member of the Jaegerists; former Survery Corps soldier; leaks the news of Main Protagonist's detainment to the press along with leader of the JaegeristsWim
7%
Son of head of the family in control of the 'Warhammer Titan'Alois Tybur
6%
Son of head of the family in control of the 'Warhammer Titan'Bruno Tybur
6%
Young girl from the Karanes District; witnesses the departure and comeback of the Survey Corps' 57th expeditionEllie
6%
Secretary of the Marleyan military; rallies Marley's remaining forces to Fort Salta in an effort to stop the Rumbling's advanceMuller
6%
Male ambassador from a foreign land; friend of head of the family in control of the 'Warhammer Titan'Ogweno
6%
Journalist working for Stohess Berg Newspapers; wishes to change current state of the news agencyPeaure
6%
Argues with the above two over the recovery of a body; has wavy hair and a thin moustachePeer
6%
Close friend of the above, who he later insults and is choked by due to his actionsRalph
6%
Military Police member; superior officer; later shirks his duties to gamble and drinkDennis Eibringer
5%
Wears a white bandana around his forehead; instructor and unit leader in the 57th expedition beyond the WallsDita Ness
5%
Ash-blonde-haired graduate of the 104th Training Corps; killed during the battle for Trost DistrictMilieus Zeremski
5%
Survey Corps third squad member; crushed underfoot by the 'Female Titan'Waltz
5%
Tanned-skinned Participant during the 57th Expedition Outside the Wall; kicked into the air by the 'Female Titan'Darius Baer-Varbrun
3%

Score Distribution

Percentile by Number Answered

Percent of People with Each Score

Your Score History

You have not taken this quiz since the last reset